101 bài thơ phú Tây Hồ
Saved in:
| Main Author: | |
|---|---|
| Format: | Book |
| Language: | Undetermined |
| Published: |
H.
Văn hóa thông tin
1996
|
| Subjects: | |
| Online Access: | http://lrc.tdmu.edu.vn/opac/search/detail.asp?aID=2&ID=6740 |
| Tags: |
Add Tag
No Tags, Be the first to tag this record!
|
| Institutions: | Trung tâm Học liệu Trường Đại học Thủ Dầu Một |
|---|
| LEADER | 00623nam a2200193Ia 4500 | ||
|---|---|---|---|
| 001 | TDMU_6740 | ||
| 008 | 210410s9999 xx 000 0 und d | ||
| 082 | |a 895.9221 | ||
| 090 | |b B510 | ||
| 100 | |a Bùi, Hạnh Cẩn | ||
| 245 | 0 | |a 101 bài thơ phú Tây Hồ | |
| 245 | 0 | |c Bùi Hạnh Cẩn Sưu tầm và biên dịch | |
| 260 | |a H. | ||
| 260 | |b Văn hóa thông tin | ||
| 260 | |c 1996 | ||
| 300 | |a 284tr | ||
| 650 | |a Thơ; Văn học Việt Nam | ||
| 856 | |u http://lrc.tdmu.edu.vn/opac/search/detail.asp?aID=2&ID=6740 | ||
| 980 | |a Trung tâm Học liệu Trường Đại học Thủ Dầu Một | ||